000 00356nam a2200145Ia 4500
005 20251222152618.0
008 251222s9999||||xx |||||||||||||| ||spa||
020 _a843220708x
082 _a791.437.2/T18
100 _aTamaro, Susanna
245 0 _aDonde el Corazón te Lleve
250 _a5ta.ed.
264 _bEditrial Siix Barral, S.A.
942 _cLIB
999 _c27247
_d27247